| 000 | 00324 a2200109 4500 | ||
|---|---|---|---|
| 001 | 75516 | ||
| 082 | _a620.112622 SOS | ||
| 100 | _aSosnovskiy,L.A | ||
| 245 |
_aTribo-Fatigue: Wear-Fatigue damage and its prediction _bWear-Fatigue damage and its prediction |
||
| 260 |
_aGermany _bSpringer _c2005 |
||
| 300 | _axxi, 347p. | ||
| 942 |
_aNUST-CAE _k620.112622 SOS |
||
| 999 |
_c310589 _d310589 |
||